International Marketing (Record no. 299485)
[ view plain ]
| 000 -LEADER | |
|---|---|
| fixed length control field | 00294 a2200133 4500 |
| 001 - CONTROL NUMBER | |
| control field | 64412 |
| 082 ## - DEWEY DECIMAL CLASSIFICATION NUMBER | |
| Classification number | 658.848 CAT |
| 090 ## - LOCALLY ASSIGNED LC-TYPE CALL NUMBER (OCLC); LOCAL CALL NUMBER (RLIN) | |
| -- | 38040 |
| -- | 38040 |
| 100 ## - MAIN ENTRY--PERSONAL NAME | |
| Personal name | Cateora P.R |
| 245 ## - TITLE STATEMENT | |
| Title | International Marketing |
| 250 ## - EDITION STATEMENT | |
| Edition statement | 9th Edition |
| 260 ## - PUBLICATION, DISTRIBUTION, ETC. | |
| Place of publication, distribution, etc. | Chicago |
| Name of publisher, distributor, etc. | Irwin |
| Date of publication, distribution, etc. | 1996 |
| 300 ## - PHYSICAL DESCRIPTION | |
| Extent | 772p |
| 942 ## - ADDED ENTRY ELEMENTS (KOHA) | |
| Institution code [OBSOLETE] | NUST-CAE |
| Call number prefix | 658.848 CAT |
| Withdrawn status | Lost status | Damaged status | Not for loan | Collection code | Permanent Location | Current Location | Date acquired | Total Checkouts | Full call number | Barcode | Date last seen | Price effective from | Koha item type |
|---|---|---|---|---|---|---|---|---|---|---|---|---|---|
| College of Aeronautical Engineering (CAE) | College of Aeronautical Engineering (CAE) | 04/03/2017 | 658.848 CAT | CAEG-5233 | 04/05/2017 | 04/05/2017 | Book |
